Loading...
| Literature - American | 0 | 9 | 0 | 1 | 90 | 32 | 73.22 | 4 | 7 | 39.18 | 68.41 |
| Literature - World | 0 | 8 | 1 | 0 | 75 | 26 | 65.63 | 4 | 7 | 37.51 | 55.00 |
| Literature - British | 0 | 8 | 2 | 0 | 70 | 39 | 74.75 | 3 | 7 | 34.71 | 63.86 |
| Literature - European | 0 | 7 | 2 | 0 | 60 | 46 | 82.00 | 3 | 6 | 25.82 | 55.00 |
| Mythology | 0 | 4 | 0 | 0 | 40 | 94 | 99.25 | 0 | 1 | 6.31 | 18.41 |
| Philosophy | 0 | 5 | 2 | 0 | 40 | 99 | 109.60 | 0 | 1 | 5.13 | 22.05 |
| Science - Chemistry | 0 | 4 | 0 | 0 | 40 | 57 | 82.00 | 2 | 3 | 10.39 | 29.32 |
| Fine Arts - Other | 0 | 3 | 0 | 1 | 30 | 99 | 109.33 | 0 | 0 | 2.72 | 10.00 |
| Science - Other | 0 | 3 | 1 | 0 | 25 | 93 | 116.00 | 0 | 1 | 3.02 | 11.14 |
| Fine Arts - Painting and Sculpture | 0 | 3 | 1 | 0 | 25 | 87 | 94.33 | 0 | 1 | 6.85 | 13.18 |
| Social Science | 0 | 2 | 0 | 0 | 20 | 90 | 90.50 | 0 | 0 | 2.16 | 5.45 |
| History - Other | 0 | 2 | 0 | 0 | 20 | 92 | 99.50 | 0 | 2 | 3.30 | 12.95 |
| Science - Biology | 0 | 4 | 4 | 0 | 20 | 67 | 72.50 | 1 | 3 | 12.06 | 26.59 |
| Fine Arts - Classical Music | 0 | 1 | 0 | 0 | 10 | 95 | 95.00 | 0 | 1 | 2.45 | 8.18 |
| History - American | 0 | 1 | 0 | 0 | 10 | 84 | 84.00 | 0 | 0 | 2.83 | 1.82 |
| Popular Culture | 0 | 1 | 0 | 0 | 10 | 135 | 135.00 | 0 | 0 | 1.09 | 31.25 |
| History - European | 0 | 1 | 1 | 0 | 5 | 99 | 99.00 | 0 | 1 | 2.17 | 5.45 |
| Science - Physics | 0 | 0 | 1 | 0 | -5 | 0.00 | 0 | 0 | 0.00 | 0.00 |